000
00315nam a22001337a 4500
020
_q
HB.
040
_c
FIZAA ISHAQ
082
_a
624.151
_b
VNS
100
_a
MURTHY, V.N.S.
_9
85748
245
_a
GEOTECHNICAL ENGINEERING
_c
V.N.S. MURTHY.
260
_a
NEW DEHLI :
_c
2003.
300
_a
1029 P. ;
942
_2
ddc
_c
BK
999
_c
587093
_d
587093